Inventarizácia, vyraďovanie a likvidácia majetku

V príspevku sa venujeme procesu vyraďovania a likvidácie majetku, ktorý obvykle nastáva po zákonnom ukončení procesu inventarizácie majetku, záväzkov a rozdielu majetku a záväzkov. Ponúkneme širší pohľad na problematiku vyraďovania a likvidácie majetku, odpovieme na časté otázky spojené s týmito čin...

Description complète

Enregistré dans:
Détails bibliographiques
Auteur principal: Konečná Veverková, Ingrid
Format: Chapitre de livre
Langue:slovaque
Sujets:
Tags: Ajouter un tag
Pas de tags, Soyez le premier à ajouter un tag!

MARC

LEADER 00000naa a2200000 4500
001 0308139
005 20250414121320.6
041 0 |a slo 
044 |a SK 
245 1 0 |a Inventarizácia, vyraďovanie a likvidácia majetku  |c Ingrid Konečná Veverková 
520 |a V príspevku sa venujeme procesu vyraďovania a likvidácie majetku, ktorý obvykle nastáva po zákonnom ukončení procesu inventarizácie majetku, záväzkov a rozdielu majetku a záväzkov. Ponúkneme širší pohľad na problematiku vyraďovania a likvidácie majetku, odpovieme na časté otázky spojené s týmito činnosťami. 
610 2 0 |a majetok 
610 2 0 |a vyššie územné celky 
610 2 0 |a inventarizácia 
610 2 0 |a záväzky 
610 2 0 |a kontrola finančná 
100 1 |a Konečná Veverková, Ingrid